000 00949cam a2200313 4500
001 B2797
008 090401t1990 xxu||||| |||| 00| 0 eng d
035 _a(Sirsi) u52244
041 _aeng
050 _a333.0062
_c18
090 _aRICS 1990/17ABCD
110 _aRoyal Institution of Chartered Surveyors
_94900
245 4 _aThe chartered surveyors' rule book
260 _aLondon
_bRICS
_c1990
300 _a66p. (loose-leaf)
_c24cm.
350 _a2.50
490 _aRICS Chartered Surveyors' Rule Book
490 _aRICS Rules of Conduct
520 _aSuperseded by 1991 edition (J1334).
650 _aPROFESSIONAL CONDUCT
650 _aRICS BYE-LAWS
650 _aRICS MEMBERS' ACCOUNTS RULES
650 _aRICS PROFESSIONAL INDEMNITY INSURANCE RULES
650 _aRICS REGULATIONS
650 _aRICS RULES OF CONDUCT
690 _aMANAGEMENT-BUSINESS MANAGEMENT-PROFESSIONAL PRACTICE
942 _n0
948 _c04/03/1997
999 _c93012
_d93012